000 00424nam a2200169Ia 4500
008 110201s9999 xx 000 0 und d
082 _bB10093
_aE 592
100 _aAurobindo sri
245 _aTales of Prioon lite
260 _bsri Aurobindo Patham andil
365 _b10
600 _aAurobindo sri
630 _aTales of Prioon lite
700 _aAurobindo sri
730 _aTales of Prioon lite
942 _cBOOK
999 _c835506
_d835503